| 000 | 00373nam a2200157Ia 4500 | ||
|---|---|---|---|
| 008 | 230917s9999||||xx |||||||||||||| ||und|| | ||
| 040 |
_e149248 _aMAIN |
||
| 041 | _aEnglish | ||
| 082 | _a658.5 H366O | ||
| 100 | _aHeizer, Jay | ||
| 245 | 0 | _aOperations management | |
| 250 | _a9th ed. | ||
| 260 |
_aChennai _bPearson Education _c2009 |
||
| 300 | _a762p p. | ||
| 942 | _cBK | ||
| 999 |
_c152627 _d152627 |
||